Statistics for Municipalities of New Taipei City

Click here to take the quiz!

General Stats

  • This quiz has been taken 5 times
  • The average score is 24 of 29

Answers on the Map

Answers color-coded by a green-red scale on the quiz's map according to % correct below.
 

Answer Stats

Answer% Correct
Banqiao 板橋
100%
Luzhou 蘆洲
100%
Ruifang 瑞芳
100%
Sanchong 三重
100%
Sanxia 三峽
100%
Shulin 樹林
100%
Tamsui 淡水
100%
Xindian 新店
100%
Xinzhuang 新莊
100%
Yingge 鶯歌
100%
Yonghe 永和
100%
Zhonghe 中和
100%
Bali 八里
80%
Gongliao 貢寮
80%
Linkou 林口
80%
Shimen 石門
80%
Shuangxi 雙溪
80%
Taishan 泰山
80%
Wanli 萬里
80%
Wugu 五股
80%
Wulai 烏來
80%
Xizhi 汐止
80%
Jinshan 金山
60%
Pinglin 坪林
60%
Pingxi 平溪
60%
Sanzhi 三芝
60%
Shenkeng 深坑
60%
Shiding 石碇
60%
Tucheng 土城
60%

Score Distribution

Percentile by Number Answered

Percent of People with Each Score

Your Score History

You have not taken this quiz